000 00768 a2200241 4500
001 109166
020 _a1879373564
041 _apor
090 _aL Year 5 [Fic]
100 _aArmstrong, Nancy M.
250 _a. ed.
300 _a120 p.
697 _aNative Americans - North America - Southwestern States - Fiction.
697 _aIndians of North America - Southwest, New - Fiction.
697 _aNative Americans - United States - Southwestern States - Fiction.
697 _aNative Americans - Southwestern States - Fiction.
697 _aNavajo Indians - Fiction.
856 _u000007/000007cc.jpg
040 _aBR-BrIDEA
_cBR-BrIDEA
245 1 0 _aNavajo long walk
_c Nancy M Armstrong
260 _a[S.l.]
_bRoberts Rinehart
_c1994
942 _cBK
999 _c109166
_d109166